[Event "TUR-ch op"]
[Site "Antalya"]
[Date "2008.02.09"]
[Round "10.21"]
[White "Kemaloglu, Kadri Yavuz"]
[Black "Gozubuyukoglu, Selami"]
[Result "0-1"]
[WhiteElo "2085"]
[BlackElo "1960"]
[PlyCount "126"]
[EventDate "2008.02.04"]
[EventType "swiss"]
[EventRounds "11"]
[EventCountry "TUR"]
[SourceTitle "CBM 122 Extra"]
[Source "ChessBase"]
[SourceDate "2008.03.04"]
[SourceVersion "1"]
[SourceVersionDate "2008.03.04"]
[SourceQuality "1"]

1. e4 c5 2. Nf3 Nc6 3. d4 cxd4 4. Nxd4 Nf6 5. Nc3 e5 6. Ndb5 d6 7. Bg5 a6 8. Na3 b5 9. Nd5 Be7 10. Bxf6 Bxf6 11. c3 Bg5 12. Nc2 Be6 13. Nce3 0-0 14. a4 b4 15. Bc4 bxc3 16. bxc3 Bxe3 17. Nxe3 Bxc4 18. Nxc4 Qg5 19. 0-0 Rfd8 20. Qd3 Ne7 21. Ne3 Ng6 22. Rfd1 Nf4 23. Qf1 h5 24. Kh1 Ra7 25. Rab1 Rc7 26. g3 Ne6 27. Nd5 Rcd7 28. a5 f5 29. Qh3 Qg4 30. Qxg4 fxg4 31. Rb4 Rf7 32. Kg1 Ng5 33. Kg2 Rdf8 34. Rd2 Nh3 35. Rbb2 Rc8 36. Rb6 Rc4 37. Rb4 Rc5 38. Ra2 Rxa5 39. Rbb2 Rxa2 40. Rxa2 a5 41. Kf1 a4 42. Nb6 a3 43. Rxa3 Rxf2+ 44. Ke1 Rxh2 45. Nc8 h4 46. c4 Ng5 47. gxh4 Rh3 48. Ra8 Rxh4 49. Nxd6+ Kh7 50. Kf2 Rh3 51. Re8 Rd3 52. c5 Nh3+ 53. Kf1 Nf4 54. Nf5 g3 55. Nxg3 Rxg3 56. Rxe5 Rc3 57. Rf5 Nd3 58. Rf3 Rc1+ 59. Ke2 Nxc5 60. e5 Rc2+ 61. Kf1 Rc4 62. Re3 Re4 63. Kf2 Rxe3 0-1

[Event "TUR-ch"]
[Site "Kusadasi"]
[Date "2004.03.06"]
[Round "11"]
[White "Olcayoz, Alper"]
[Black "Kemaloglu, Kadri Yavuz"]
[Result "1-0"]
[WhiteElo "2290"]
[BlackElo "2087"]
[PlyCount "137"]
[EventDate "2004.02.28"]
[EventType "swiss"]
[EventRounds "12"]
[EventCountry "TUR"]
[SourceTitle "CBM 099 Extra"]
[Source "ChessBase"]
[SourceDate "2004.05.04"]
[SourceVersion "1"]
[SourceVersionDate "2004.05.04"]
[SourceQuality "1"]

1. d4 Nf6 2. Nf3 e6 3. c4 b6 4. g3 Bb7 5. Bg2 Be7 6. Nc3 Ne4 7. Qc2 Nxc3 8. Qxc3 0-0 9. b3 c5 10. 0-0 Bf6 11. Bb2 d5 12. Qc2 Na6 13. Rfd1 Qc8 14. cxd5 Bxd5 15. e4 Bb7 16. Rac1 Rd8 17. Qe2 Nb4 18. a3 Ba6 19. Qe3 Nc6 20. e5 Be7 21. Qf4 Qd7 22. Rd2 Qe8 23. Ng5 Rac8 24. d5 Bxg5 25. Qxg5 Na5 26. dxe6 fxe6 27. Rd6 Rd7 28. Rcd1 Re7 29. Bh3 Nb7 30. Qg4 Rd8 31. R6d2 Rxd2 32. Rxd2 Bb5 33. Bc3 Bc6 34. Qd1 Rd7 35. Rxd7 Qxd7 36. Qxd7 Bxd7 37. Kf1 Kf7 38. Ke2 Bc6 39. Kd3 Bd5 40. b4 g6 41. Ke3 cxb4 42. Bxb4 Nd8 43. Bf1 Nc6 44. Bc3 Ne7 45. f4 Nf5+ 46. Kf2 Ne7 47. g4 h5 48. h3 hxg4 49. hxg4 Bc6 50. Bd3 Nd5 51. Bd2 Ne7 52. Kg3 a5 53. Kh4 Bf3 54. Kg5 Kg7 55. Be3 Nd5 56. Bd4 Bd1 57. Be4 b5 58. f5 gxf5 59. gxf5 Nc7 60. f6+ Kg8 61. Bg6 Na6 62. Bb6 b4 63. Bd8 Nc5 64. axb4 axb4 65. Be7 Nd7 66. Kf4 b3 67. Ba3 Be2 68. Be8 Bb5 69. f7+ 1-0

[Event "TUR-ch"]
[Site "Kusadasi"]
[Date "2004.03.01"]
[Round "4"]
[White "Guner, Bulent"]
[Black "Kemaloglu, Kadri Yavuz"]
[Result "1/2-1/2"]
[WhiteElo "2195"]
[BlackElo "2087"]
[PlyCount "35"]
[EventDate "2004.02.28"]
[EventType "swiss"]
[EventRounds "12"]
[EventCountry "TUR"]
[SourceTitle "CBM 099 Extra"]
[Source "ChessBase"]
[SourceDate "2004.05.04"]
[SourceVersion "1"]
[SourceVersionDate "2004.05.04"]
[SourceQuality "1"]

1. Nf3 Nf6 2. c4 e6 3. d4 b6 4. a3 Bb7 5. Nc3 d5 6. Bg5 Be7 7. e3 0-0 8. Bd3 Nbd7 9. 0-0 c5 10. Qe2 Ne4 11. Bxe7 Qxe7 12. cxd5 exd5 13. Rac1 f5 14. Bb5 Rf6 15. Bxd7 Qxd7 16. dxc5 bxc5 17. Rfd1 Rd8 18. Ne5 1/2-1/2

[Event "TUR-ch"]
[Site "Ankara"]
[Date "2002.07.27"]
[Round "7"]
[White "Kemaloglu, Kadri Yavuz"]
[Black "Cetinkaya, Vedat Ali"]
[Result "1-0"]
[WhiteElo "2091"]
[BlackElo "2095"]
[PlyCount "61"]
[EventDate "2002.07.24"]
[EventType "swiss"]
[EventRounds "11"]
[EventCountry "TUR"]
[SourceTitle "CBM 089 Extra"]
[Source "ChessBase"]
[SourceDate "2002.09.10"]
[SourceVersion "2"]
[SourceVersionDate "2002.09.10"]
[SourceQuality "1"]

1. e4 c6 2. d4 d5 3. Nc3 dxe4 4. Nxe4 Nd7 5. Nf3 Ngf6 6. Nxf6+ Nxf6 7. Bc4 Bf5 8. 0-0 e6 9. Bg5 Be7 10. Qe2 Bg4 11. Rad1 0-0 12. h3 Bh5 13. Rfe1 Re8 14. g4 Bg6 15. Ne5 Nd5 16. Be3 Bd6 17. c3 Qh4 18. Qf3 f6 19. Nxg6 hxg6 20. Kg2 Kf7 21. Bxd5 exd5 22. Bf4 Bf8 23. c4 Rad8 24. Qc3 Rd7 25. cxd5 cxd5 26. Rxe8 Kxe8 27. Re1+ Kf7 28. Qc5 Rd8 29. Bc7 f5 30. Bxd8 Qxd8 31. Re5 1-0

[Event "TUR-ch"]
[Site "Ankara"]
[Date "2002.07.25"]
[Round "3"]
[White "Kemaloglu, Kadri Yavuz"]
[Black "Kayar, Mehmet Erdem"]
[Result "1-0"]
[WhiteElo "2091"]
[BlackElo "2090"]
[PlyCount "151"]
[EventDate "2002.07.24"]
[EventType "swiss"]
[EventRounds "11"]
[EventCountry "TUR"]
[SourceTitle "CBM 089 Extra"]
[Source "ChessBase"]
[SourceDate "2002.09.10"]
[SourceVersion "2"]
[SourceVersionDate "2002.09.10"]
[SourceQuality "1"]

1. e4 e5 2. Nf3 Nc6 3. Bb5 a6 4. Ba4 Nf6 5. 0-0 Be7 6. Re1 b5 7. Bb3 d6 8. c3 0-0 9. h3 Na5 10. Bc2 c5 11. d4 Qc7 12. Nbd2 Nc6 13. dxc5 dxc5 14. Nf1 Be6 15. Ne3 Rad8 16. Qe2 c4 17. Nf5 Rfe8 18. N3h4 Nd7 19. Qg4 Bf8 20. Bh6 g6 21. Bxf8 Nxf8 22. Qg5 f6 23. Qxf6 gxf5 24. exf5 Bd5 25. Re3 Re7 26. Qh6 Rf7 27. Rd1 Rd6 28. Rg3+ Kh8 29. Ng6+ Nxg6 30. Rxg6 Rxg6 31. fxg6 Rg7 32. Rxd5 Ne7 33. Rd2 Nxg6 34. Bxg6 Rxg6 35. Qf8+ Rg8 36. Qf6+ Qg7 37. Qxg7+ Kxg7 38. Rd7+ Kg6 39. Kf1 b4 40. cxb4 Rb8 41. a3 a5 42. Rc7 axb4 43. Rxc4 bxa3 44. bxa3 Rb1+ 45. Ke2 Rb2+ 46. Ke3 Rb3+ 47. Ke4 Rxa3 48. Kxe5 Ra2 49. Rg4+ Kf7 50. f4 Ra5+ 51. Ke4 Kf6 52. Rg8 Ra3 53. h4 Kf7 54. Rg5 h6 55. Rg4 Kf6 56. g3 Rb3 57. h5 Ra3 58. Rg6+ Kf7 59. Kf5 Rb3 60. Kg4 Rb1 61. Rxh6 Kg7 62. Ra6 Rb3 63. Kh4 Rb4 64. Kg5 Rb7 65. f5 Rc7 66. g4 Kh7 67. h6 Rb7 68. Rg6 Rb4 69. Rg7+ Kh8 70. Re7 Rc4 71. Kh5 Rc6 72. g5 Rc8 73. f6 Rc5 74. f7 Rf5 75. Kg6 Rxf7 76. Kxf7 1-0

[Event "Antalya op"]
[Site "Antalya"]
[Date "2002.03.01"]
[Round "8"]
[White "Srienz, Christian"]
[Black "Kemaloglu, Kadri Yavuz"]
[Result "1-0"]
[WhiteElo "2174"]
[BlackElo "2086"]
[PlyCount "109"]
[EventDate "2002.02.22"]
[EventType "swiss"]
[EventRounds "9"]
[EventCountry "TUR"]
[SourceTitle "CBM 086 Extra"]
[Source "ChessBase"]
[SourceDate "2002.03.14"]
[SourceVersion "1"]
[SourceVersionDate "2002.03.14"]
[SourceQuality "1"]

1. Nf3 Nf6 2. d4 d5 3. Bg5 Ne4 4. Bf4 g6 5. e3 Bg7 6. c4 c6 7. Qb3 Qa5+ 8. Nc3 0-0 9. Bd3 dxc4 10. Bxc4 b5 11. Bd3 Be6 12. Qc2 Nd6 13. 0-0 Nd7 14. Bxd6 exd6 15. Ne4 d5 16. Nc5 Nxc5 17. Qxc5 Rfc8 18. Rfc1 Bf8 19. Qc3 b4 20. Qd2 Qb6 21. Rd1 c5 22. dxc5 Bxc5 23. Bc2 Rd8 24. h3 Rac8 25. Bb3 a5 26. Nd4 Qa6 27. Qd3 Qxd3 28. Rxd3 Be7 29. Rad1 Bf6 30. R3d2 Kf8 31. Kh2 h5 32. g3 Ke8 33. Kg2 Rc5 34. Rc2 Rdc8 35. Rdc1 Bxd4 36. exd4 Rxc2 37. Rxc2 Rxc2 38. Bxc2 Ke7 39. h4 Kf6 40. Bb3 Ke7 41. Kf3 f6 42. Kf4 Kd6 43. Bc2 Bf7 44. f3 Ke7 45. g4 Ke6 46. Ba4 Kd6 47. gxh5 gxh5 48. Kf5 Ke7 49. Bb3 Bg8 50. Kg6 Bf7+ 51. Kg7 Be6 52. Bc2 f5 53. Kg6 f4 54. Kg5 Bf7 55. Bg6 1-0